| 000 | 01636nam a22004457a 4500 | ||
|---|---|---|---|
| 001 | 11290115 | ||
| 005 | 20090122144654.0 | ||
| 008 | 800619c19799999ii qr0p| 00| 0 eng d | ||
| 010 |
_a 84649094 _zsn 82020885 |
||
| 022 | _a0970-0455 | ||
| 030 | _aACICDV | ||
| 035 | _a(OCoLC)ocm06438542 | ||
| 037 | _bP.O. Box 62, 250001 | ||
| 040 |
_aAzU _cAzU _dNST _dNSDP _dOCoLC _dNST _dDLC _dAIP _dDLC _dMiU _dOCoLC |
||
| 042 |
_alc _ansdp |
||
| 050 |
_aQD1 _b.A3293 |
||
| 082 |
_a510/.5 _219 |
||
| 210 | _aActa cienc. indica, Chem. | ||
| 222 | _aActa ciencia indica. Chemistry | ||
| 245 | _aActa ciencia Indica.Mathematics. | ||
| 246 | _aChemistry | ||
| 260 |
_aMeerut : _bPragati Prakashan, _c1979- |
||
| 300 |
_av. ; _c25 cm. |
||
| 310 | _aFour no. a year | ||
| 362 | _aV. 5, no. 1 (1979)- | ||
| 510 |
_aChemical abstracts _x0009-2258 |
||
| 515 | _aIssued in combined form: vol. 5, no. 1-4, 1979- | ||
| 546 | _aIn English. | ||
| 550 | _aPublished for the Society for the Progress of Science. | ||
| 590 | _aSERBIB/SERLOC merged record | ||
| 650 |
_aChemistry _vPeriodicals. |
||
| 710 | _aSociety for the Progress of Science (India) | ||
| 780 |
_tActa ciencia Indica _x0379-5411 _w(DLC) 76913020 _w(OCoLC)2414141 |
||
| 270 |
_a240, WK Road, Meerut _k0121-2640642 _l0121-2640642 |
||
| 906 |
_a7 _bcbc _cserials _d3 _encip _f19 _gn-oclcserc |
||
| 936 |
_aUnknown _avol. 5, no. 1 (surrogate) |
||
| 942 |
_2ddc _cSR _h510.5 _mACT _s1 |
||
| 999 |
_c26217 _d26217 |
||